00641 2200229 4500001002100000005001500021035002000036007000300056008004100059020002200100082000800122084001400130100001800144245007700162260004400239300004500283650001500328700000800343990002000351990002000371990002000391INLIS00000000000305820260602071303 a0010-0626000009ta260602 f 0 ind  a978-634-7000-52-1 a633 a633 WIR p0 aWiraguna, Edi1 aPembibitan Komoditas Perkebunan Unggulan :bKaret, Kelapa Sawit dan Kopi aJawa Barat :bPT. Adab Indonesia,c2024 aviii + 68 hlm. :bilus. ;c15.5 x 23 cm. 4aPerkebunan0 adkk a20260608.03.001 a20260608.03.002 a20260608.03.003